Movies Quiz

Random Movies or Color Quiz

White Movies Quiz Stats

 Plays Quiz Updated May 9, 2013

Also try: Green Movies
Challenge
Share
Tweet
Score 0/24 Timer 08:00
8 Plays Today
% Correct
Black Swan
93.3%
Happy Feet
91.4%
Psycho
87.3%
Ice Age
84.2%
Ferris Bueller's Day Off
79.4%
I, Robot
75.7%
Star Wars V: The Empire Strikes Back
72.5%
One Flew Over the Cuckoo's Nest
71%
The Shining
65.3%
The Big Lebowski
65.3%
A Clockwork Orange
63.4%
Remember the Titans
62.9%
% Correct
The Chronicles of Narnia: The Lion...
61.7%
Fargo
60.7%
Ace Ventura: When Nature Calls
53.4%
The Day After Tomorrow
53.1%
Julie & Julia
51.6%
The Hurt Locker
47.1%
The Pianist
45%
Twelve Monkeys
44.4%
Eternal Sunshine of the Spotless Mind
42.1%
The Piano
40.2%
Slap Shot
38%
Princess Mononoke
18.6%

You're not logged in!

Compare scores with friends on all Sporcle quizzes.
Join for Free
OR
Log In

You Might Also Like...

Show Comments

Extras

Top Quizzes Today


Score Distribution

Your Account Isn't Verified!

In order to create a playlist on Sporcle, you need to verify the email address you used during registration. Go to your Sporcle Settings to finish the process.

Report this User

Report this user for behavior that violates our Community Guidelines.

Details: